000 00505nam a2200205Ia 4500
008 210210b2011 xxu||||| |||| 00| 0 eng d
020 _a9780393930771
041 _aeng
082 _a822.33S2 LOOW
100 _aLOOMBA (Ania) Ed
245 _aWilliam Shakespeare Antony and Cleopatra
260 _aNew York
_bWW Norton & Co.
_c2011
300 _axix,365
650 _aWilliam
650 _aShakespeare
650 _aCleopatra
650 _aAntony
690 _aEnglish Drama
906 _a072785
999 _c122599
_d122599